[Event "Kishinev Interzonal (Women)"]
[Site "Kishinev"]
[Date "1995.??.??"]
[Round "8"]
[White "Maric, Alisa"]
[Black "Misanovic, Vesna"]
[Result "1/2-1/2"]
[WhiteElo "2445"]
[BlackElo "2340"]

1.Nf3 d5 2.d4 c6 3.c4 dxc4 4.e3 b5 5.a4 e6 6.b3 Bb4+ 7.Bd2 Bxd2+ 8.Nfxd2 cxb3
9.axb5 b2 10.Ra2 Ne7 11.Qb3 Bb7 12.Ne4 O-O 13.Nc5 Qb6 14.Qxb2 Rc8 15.Nc3 e5
16.N3e4 Rd8 17.dxe5 cxb5 18.Nxb7 Qxb7 19.Nd6 Qd5 20.e4 Qe6 21.Bxb5 Nbc6 22.f4 Rab8
23.O-O Rxd6 24.exd6 Qxd6 25.Rb1 Nd4 26.Qa3 Qxa3  1/2-1/2

[Event "Kishinev Interzonal (Women)"]
[Site "Kishinev"]
[Date "1995.??.??"]
[Round "10"]
[White "Khurtsidze, Nino"]
[Black "Cosma, Elena Luminita"]
[Result "1-0"]
[WhiteElo "2295"]
[BlackElo "2330"]

1.d4 d5 2.c4 c6 3.Nf3 dxc4 4.a4 e6 5.e3 b5 6.axb5 cxb5 7.b3 Bb4+ 8.Bd2 Bxd2+
9.Nbxd2 a5 10.bxc4 b4 11.Ne5 Nf6 12.Qf3 Ra7 13.Nd3 Ba6 14.Nc5 O-O 15.Bd3 Bc8
16.O-O Nbd7 17.Nxd7 Nxd7 18.Rfb1 Qe7 19.c5 Rd8 20.Qe2 e5 21.Nc4 e4 22.Bc2 Ba6
23.Bb3 Bxc4 24.Qxc4 Nf6 25.Qb5 Qc7 26.d5 Rb8 27.Qc4 Qe5 28.h3 a4 29.Rd1 a3
30.d6 Rd7 31.c6 Rxd6 32.c7 Rc8 33.Qxf7+ Kh8 34.Rxd6 Qxd6 35.Rd1 Qb6 36.Be6 h5
37.Bxc8 b3 38.Rd6  1-0

[Event "Kishinev Interzonal (Women)"]
[Site "Kishinev"]
[Date "1995.??.??"]
[Round "12"]
[White "Belakovskaia, Anjelina"]
[Black "Edzgveradze, Natalia"]
[Result "1/2-1/2"]
[WhiteElo "2345"]
[BlackElo "2320"]

1.d4 d5 2.c4 c6 3.Nf3 Nf6 4.Qc2 dxc4 5.Qxc4 Bf5 6.g3 e6 7.Bg2 Nbd7 8.Qb3 Qb6
9.O-O Be7 10.Nbd2 O-O 11.Nc4 Qxb3 12.axb3 Be4 13.Bf4 Bd5 14.Rfc1 Bb4 15.Bd6 Bxd6
16.Nxd6 Rfb8 17.Ng5 Bxg2 18.Kxg2 Kf8 19.Ndxf7 h6 20.Nxh6 gxh6 21.Nxe6+ Kf7
22.Nc7 a6 23.Nxa8 Rxa8 24.f3 Nf8 25.Rd1 Ne6 26.Rd3 Rd8 27.Rad1 Nc7 28.e4 Kg6
29.b4 Rd7 30.Kf2 Rd8 31.Ke3 Re8 32.Kd2 Rd8 33.Kc3 Kf7 34.Kc4 Ke6 35.Re1 Nb5
36.Rdd1 Nd7 37.Kd3 Ne5+ 38.Ke3 Nxd4 39.Rxd4 Rxd4 40.f4 Rd3+ 41.Ke2 Rb3 42.fxe5 Rxb2+
43.Kd3 Rxb4 44.Rf1 a5 45.Rf6+ Ke7 46.Rxh6 a4 47.Rh8 b5 48.Ra8 c5 49.g4 Rb3+
50.Kc2 Rh3 51.Ra5 Rxh2+ 52.Kb1 a3 53.Rxb5 c4 54.Rc5 Rb2+ 55.Ka1 Rg2 56.g5 Ke6
57.g6 Rxg6 58.Rc6+ Kf7 59.Rxc4 Rg2 60.Ra4 Re2 61.Rxa3 Rxe4 62.Ra5 Ke6 63.Kb2 Rxe5
64.Rxe5+ Kxe5  1/2-1/2

[Event "GER-ch U20 Girls"]
[Site "Leipzig"]
[Date "1995.??.??"]
[Round "4"]
[White "Pramann, Adele"]
[Black "Glaser, Andrea"]
[Result "0-1"]
[WhiteElo "2085"]
[BlackElo "2015"]

1.d4 Nf6 2.c4 d5 3.Nf3 c6 4.Qc2 g6 5.g3 Bg7 6.Bg2 O-O 7.O-O Bf5 8.Qb3 Qc8
9.cxd5 cxd5 10.Nc3 e6 11.Bf4 Nc6 12.Rac1 Qd7 13.Na4 Ne4 14.Rfd1 Rac8 15.h3 g5
16.Be3 h6 17.Nc5 Nxc5 18.Rxc5 b6 19.Rc3 Na5 20.Qb4 Rxc3 21.bxc3 Rc8 22.Nd2 Bf8
23.Qb2 Qa4 24.Nb3 Ba3 25.Qd2 Nc4 26.Qe1 Bc2  0-1

[Event "Litomysl op"]
[Site "Litomysl"]
[Date "1995.??.??"]
[Round "1"]
[White "Benes, Petr"]
[Black "Weglarz, Leszek"]
[Result "0-1"]
[WhiteElo "2150"]
[BlackElo "2350"]

1.d4 Nf6 2.Nf3 d5 3.c4 c6 4.Qb3 dxc4 5.Qxc4 Bg4 6.Ne5 Be6 7.Qd3 Nbd7 8.Nxd7 Bxd7
9.Nc3 e6 10.e4 c5 11.d5 exd5 12.exd5 Bd6 13.Bg5 O-O 14.Be2 Re8 15.O-O Qe7
16.Bh4 Be5 17.Bf3 Qd6 18.Bg3 Bxg3 19.hxg3 Re5 20.Rfe1 Rae8 21.Rxe5 Rxe5 22.Qc4 h6
23.Rc1 a6 24.a4 Re8 25.Nb1 b5 26.axb5 axb5 27.Qa2 g5 28.Kf1 g4 29.Be2 Qe5
30.b3 Nxd5 31.Qd2 Nf6 32.Nc3 b4 33.Nb5 Qxe2+ 34.Qxe2 Rxe2 35.Kxe2 Bxb5+ 36.Ke3 Nd5+
37.Ke4 Nc3+ 38.Ke5 Kg7 39.f3 c4 40.bxc4 Bxc4 41.Rc2 gxf3 42.gxf3 b3 43.Rd2 Na4  0-1

[Event "Ljubljana op"]
[Site "Ljubljana"]
[Date "1995.??.??"]
[Round "4"]
[White "Mohr, Georg"]
[Black "Cepon, Dusan"]
[Result "1-0"]
[WhiteElo "2495"]
[BlackElo "2215"]

1.Nf3 Nf6 2.c4 c6 3.d4 d5 4.Qc2 g6 5.Bf4 Bg7 6.e3 O-O 7.Nc3 dxc4 8.Bxc4 b5
9.Bd3 Nbd7 10.h3 Bb7 11.O-O Rc8 12.Rfd1 Qb6 13.a4 a6 14.b4 Nh5 15.Bh2 c5
16.bxc5 Nxc5 17.axb5 Bxf3 18.gxf3 Nxd3 19.Qxd3 axb5 20.Nd5 Qb7 21.Qe4 Kh8
22.Nxe7 Qd7 23.Nxc8 Rxc8 24.Ra8 Nf6 25.Rc1 Nxe4 26.Rcxc8+ Bf8 27.fxe4 Kg7
28.Be5+ Kh6 29.Rxf8 Qxh3 30.Rxf7 b4 31.Rxh7+  1-0

[Event "Ljubljana op"]
[Site "Ljubljana"]
[Date "1995.??.??"]
[Round "5"]
[White "Mikhalchishin, Adrian"]
[Black "Vospernik, Zdravko"]
[Result "1-0"]
[WhiteElo "2505"]
[BlackElo "2285"]

1.Nf3 Nf6 2.c4 c6 3.d4 d5 4.Qc2 dxc4 5.Qxc4 Bf5 6.g3 e6 7.Nc3 Nbd7 8.Bg2 Be7
9.O-O Ne4 10.e3 Nxc3 11.bxc3 Be4 12.Qe2 O-O 13.c4 Bf6 14.Bb2 Qa5 15.Nd2 Bxg2
16.Kxg2 c5 17.Rfd1 cxd4 18.exd4 Qa6 19.a4 Rac8 20.a5 Rfd8 21.Qf3 Nc5 22.dxc5 Bxb2
23.Rab1 Bf6 24.Ne4 Rxd1 25.Rxd1 Qc6 26.Rd6 Qc7 27.Nxf6+ gxf6 28.Qxf6 Qxc5
29.Rd4 Qf5 30.Qe7 e5 31.Rh4 Rc6 32.Qxb7 Rf6 33.f3 Qc2+ 34.Kh3 Qe2 35.Rg4+ Rg6
36.Qxa7 Qf1+ 37.Kh4 Rxg4+ 38.fxg4 Qf6+ 39.g5 Qe6 40.Qa8+ Kg7 41.Qd5 h6 42.Qxe6  1-0

[Event "Manresa op"]
[Site "Manresa"]
[Date "1995.??.??"]
[Round "9"]
[White "Ionescu, Cristian"]
[Black "Fernandez Aguado, Juan Luis"]
[Result "1/2-1/2"]
[WhiteElo "2545"]
[BlackElo "2305"]

1.d4 d5 2.c4 c6 3.Nf3 Nf6 4.Qc2 g6 5.Bf4 Bg7 6.e3 O-O 7.Nc3 Be6 8.Qb3 Qb6
9.Ng5 Bf5 10.h3 h6 11.Nf3 g5 12.Bh2 Nbd7 13.Be2 dxc4 14.Bxc4 Qxb3 15.Bxb3 c5
16.O-O cxd4 17.Nxd4 Bd3 18.Rfd1 Nc5 19.Be5 Rfd8 20.Na4 Nxb3 21.axb3 Bg6 22.f3 Rd5
23.Bxf6 Bxf6 24.Nb6 Rad8 25.Nxd5 Rxd5 26.g4 a6 27.Rac1 Rd6 28.Kf2 Rb6 29.Rc3 Kh7
30.Rd2 Be5 31.Ke2 Bd6 32.Rd1 Be5 33.Rc4 f6 34.Rc3 Bf7 35.Rdd3 Bg6 36.Rd1 Bf7
37.Rdc1 Kg6 38.Rd3 Bxd4 39.Rxd4 Rxb3 40.Rd2 Be8 41.Rc8 Bc6 42.Kf2 a5 43.Rg8+ Kf7
44.Rh8 Kg7 45.Rhd8 Kg6 46.R8d3 Rb4 47.Rd8 Rb3 48.R8d3  1/2-1/2

[Event "Capablanca mem-C"]
[Site "Matanzas"]
[Date "1995.??.??"]
[Round "2"]
[White "Fraschini, Mariano"]
[Black "Gonzales, Renieo"]
[Result "0-1"]
[WhiteElo "2350"]
[BlackElo "2290"]

1.d4 d5 2.c4 c6 3.Nf3 Nf6 4.Qc2 g6 5.Bf4 Qa5+ 6.Nbd2 Na6 7.e3 Bg7 8.Be2 O-O
9.O-O Nh5 10.Bg5 f6 11.Bh4 Bf5 12.Qb3 g5 13.cxd5 cxd5 14.Qxb7 Nb4 15.Bg3 Nxg3
16.hxg3 Nc2 17.Rad1 Rab8 18.Qxe7 Rxb2 19.e4 Bg6 20.Qe6+ Bf7 21.Qf5 Re8 22.e5 Be6
23.Qd3 g4 24.Nh2 f5 25.Nb3 Qxa2 26.Nc5 Nxd4 27.Qxd4 Rxe2 28.Ra1 Qc4 29.Nxe6 Rxe6
30.Qxa7 R2xe5 31.Rfc1 Qb4 32.Nf1 Re7 33.Rc8+ Kf7 34.Qa2 Qd4 35.Qb1 Qe4 36.Qc1 R5e6
37.Rb1 Bd4 38.Rbb8 Bxf2+ 39.Kh1 Be3 40.Rf8+ Kg7 41.Rg8+ Kh6 42.Nxe3 Qxe3
43.Qxe3+ Rxe3 44.Rbd8 R3e5 45.Rd6+ R7e6 46.Rd7 Rg6 47.Rgd8 Kg5 48.Kg1 Re1+
49.Kf2 Ra1 50.Rxh7 Rga6 51.Rg8+ Kf6 52.Rh6+ Ke5 53.Re8+ Kd4 54.Rxa6 Rxa6
55.Rf8 Ra2+ 56.Kf1 Ke4 57.Re8+ Kd4 58.Rf8 Ke5 59.Re8+ Kf6 60.Rf8+ Ke5 61.Re8+ Kf6
62.Rf8+ Kg6 63.Rd8 Rd2 64.Rd6+ Kf7 65.Ra6 Ke7 66.Rb6 Ra2 67.Rc6 d4 68.Rb6 d3
69.Rb1 Rd2 70.Rb3 Kf6 71.Ke1 Re2+ 72.Kf1 Re3 73.Kf2 d2 74.Rb1 Rd3 75.Ke2 Rxg3
76.Rg1 f4 77.Kxd2 f3 78.Ke3 Kg5 79.Kf2 Kf4  0-1

[Event "Fide Mercenarios 3th"]
[Site "MEX"]
[Date "1995.??.??"]
[Round "7"]
[White "Busto, Busto Hector"]
[Black "Selvas, Silverio"]
[Result "1-0"]
[WhiteElo "2105"]
[BlackElo "2120"]

1.d4 d5 2.c4 dxc4 3.Nf3 c6 4.a4 b5 5.e4 e6 6.axb5 cxb5 7.b3 Bb4+ 8.Bd2 Bxd2+
9.Qxd2 a5 10.bxc4 b4 11.Bd3 Bb7 12.O-O Nf6 13.Re1 O-O 14.Qf4 Nc6 15.e5 Nh5
16.Qg4 g6 17.Nbd2 Ne7 18.Be4 Bxe4 19.Qxe4 Ra7 20.g4 Ng7 21.Qf4 Kh8 22.Ne4 Ng8
23.Qg3 f5 24.exf6 Nxf6 25.Neg5 Qb8 26.Ne5 Qb7 27.Qb3 Kg8 28.f3 Rd8 29.Ne4 Nxe4
30.Rxe4 Qb6 31.c5 Qb5 32.Ra4 Rd5 33.Nc4 Qd7 34.Nb6 Qd8 35.Nxd5 exd5 36.Re5 Ne6
37.Rxe6 Re7 38.Rxe7 Qxe7 39.Qxd5+ Kg7 40.Qe5+ Qxe5 41.dxe5  1-0

[Event "Mlada Boleslav op"]
[Site "?"]
[Date "1995.??.??"]
[Round "?"]
[White "Gross, Stefan"]
[Black "Suran, Jan"]
[Result "1/2-1/2"]
[WhiteElo "2350"]
[BlackElo "2215"]

1.d4 d5 2.c4 c6 3.Nf3 Nf6 4.Qb3 dxc4 5.Qxc4 Bf5 6.Nc3 Nbd7 7.g3 e6 8.Bg2 Ne4
9.a4 Qb6 10.O-O Be7 11.a5 Qb4 12.Nd2 Nxd2 13.Qxb4 Bxb4 14.Bxd2 a6 15.Ra4 Bd6
16.Ne4 Be7 17.Bb4 Bxb4 18.Rxb4 Bxe4 19.Bxe4 Rb8 20.Rc1 Ke7 21.Rc3 Rhc8 22.Rcb3 Rc7
23.Bd3 c5 24.dxc5 Nxc5 25.Rc3 Rbc8 26.Rbc4 Kd6 27.Rd4+ Ke7 28.Kf1 Nxd3 29.Rcxd3 Rc1+
30.Kg2 R8c7 31.Rb3 R1c5  1/2-1/2

[Event "Mlada Boleslav op"]
[Site "?"]
[Date "1995.??.??"]
[Round "?"]
[White "Chloupek, Stanislav"]
[Black "Trichkov, Vasil"]
[Result "1-0"]
[WhiteElo "2305"]
[BlackElo "2420"]

1.d4 d5 2.Nf3 Nf6 3.c4 c6 4.Qb3 e6 5.g3 Nbd7 6.Bg2 Bd6 7.Nc3 O-O 8.O-O Re8
9.Rd1 Qe7 10.Bf4 a5 11.Bxd6 Qxd6 12.Nd2 Qb4 13.Qc2 b6 14.e4 dxc4 15.a3 Qe7
16.e5 Nd5 17.Nxc4 Ba6 18.Nd6 Reb8 19.Nxd5 cxd5 20.Qc7 Qd8 21.Rdc1 a4 22.Qxd8+ Rxd8
23.Rc7 Kf8 24.f4 g6 25.g4 Ke7 26.g5 Rdb8 27.Rac1 Be2 28.Kf2 Bd3 29.Ke3 Ba6
30.h4 b5 31.Bf3 b4 32.Bd1 Bc4 33.Nxc4 dxc4 34.R7xc4 Nb6 35.Rc7+ Kf8 36.Bf3 bxa3
37.bxa3 Ra5 38.R1c5 Rxc5 39.Rxc5 Ke7 40.Rc7+ Kf8 41.Rc5 Nd7 42.Rc3 Rb1 43.Rc8+ Ke7
44.Bc6 Rb3+ 45.Ke4 Rxa3 46.Rc7 Rc3 47.Rxd7+ Ke8 48.Rd6+  1-0

[Event "Moscow7"]
[Site "Moscow"]
[Date "1995.??.??"]
[Round "?"]
[White "Belozerov, Andrei"]
[Black "Ivanov, V."]
[Result "1/2-1/2"]
[WhiteElo "2325"]
[BlackElo "2445"]

1.d4 d5 2.c4 dxc4 3.Nf3 c6 4.e3 b5 5.a4 e6 6.b3 Bb4+ 7.Bd2 Bxd2+ 8.Nfxd2 cxb3
9.axb5 b2 10.Ra2 Ne7 11.Rxb2 O-O 12.Be2  1/2-1/2

[Event "Moscow (Women)"]
[Site "Moscow"]
[Date "1995.??.??"]
[Round "?"]
[White "Krasenkova, Ilena"]
[Black "Gaponenko, Inna"]
[Result "1/2-1/2"]
[WhiteElo "2140"]
[BlackElo "2390"]

1.d4 d5 2.c4 c6 3.Nf3 Nf6 4.Qc2 g6 5.Bf4 Na6 6.a3 Bf5 7.Qb3 Qb6 8.Nbd2 dxc4
9.Qxb6 axb6 10.Nxc4 Nd5 11.Bd2 Nab4 12.Rc1 b5 13.Nce5 Na2 14.Ra1 Nab4 15.Rc1 f6
16.axb4 fxe5 17.Nxe5 Nb6 18.f3 Bg7 19.e4 Be6 20.Bc3 O-O 21.Be2 Ra2 22.Nd3 Bh6
23.Rb1 Bb3 24.Kf2 Na4 25.Nc1 Nxc3 26.bxc3 Bxc1 27.Rbxc1 Bc4 28.Rhe1 Rfa8
29.Ke3 Bxe2 30.Rxe2 Rxe2+ 31.Kxe2 Ra2+ 32.Kf1 Kf7 33.h4 Ke6 34.Kg1 Kd7 35.Kh2 Kd6
36.Kh3 e5 37.dxe5+ Kxe5 38.c4 bxc4 39.Rxc4 Rb2 40.g3 Kd6 41.f4 h5 42.Rd4+ Ke6
43.Rc4 Kd6 44.Rd4+  1/2-1/2

[Event "Moscow (Women)"]
[Site "Moscow"]
[Date "1995.??.??"]
[Round "?"]
[White "Krasenkova, Ilena"]
[Black "Zhukova, Natalia"]
[Result "0-1"]
[WhiteElo "2140"]
[BlackElo "2260"]

1.d4 d5 2.c4 c6 3.Nf3 Nf6 4.Qc2 dxc4 5.Qxc4 Bf5 6.Nc3 e6 7.Bg5 Be7 8.e3 Nbd7
9.Be2 h6 10.Bh4 O-O 11.O-O Rc8 12.Qb3 b5 13.Rac1 a6 14.Rfd1 g5 15.Bg3 Qa5
16.a3 Ne4 17.Nxe4 Bxe4 18.Nd2 Bg6 19.e4 c5 20.dxc5 Nxc5 21.Qe3 Na4 22.b4 Qb6
23.Qxb6 Nxb6 24.f3 Na4 25.Bf1 Bf6 26.e5 Bg7 27.Re1 Bc2 28.Be2 Rc3 29.f4 Rfc8
30.Bf3 Nb2 31.Be2 Rxa3 32.fxg5 hxg5 33.Ne4 Re3 34.Nc5 Bf5 35.Kf2 Ra3 36.Ra1 Rxa1
37.Rxa1 Bf8 38.Nxa6 Ra8 39.Bxb5 Bd3 40.Ra5 Bxb5 41.Rxb5 Rxa6 42.Rb8 Nd3+
43.Kf3 Nxb4 44.Kg4 Nc6 45.Rc8 Kg7 46.Kxg5 Ne7 47.Rb8 Ng6 48.Rb2 Ra5 49.Re2 Bd6
50.Be1 Rxe5+ 51.Rxe5 Bxe5 52.g3 f5 53.Bd2 Bf6+ 54.Kh5 e5 55.Bc1 e4 56.Be3 Ne5
57.h3 Ng6 58.Bf2 Kf7 59.Be3 Ne7 60.Bf2 Nd5 61.Be1 Bc3 62.Bf2 e3 63.Bg1 e2
64.Bf2 e1=Q 65.Bxe1 Bxe1 66.Kg5 Ke6 67.h4 Bxg3 68.h5 Bf4+  0-1

[Event "Moscow op"]
[Site "Moscow"]
[Date "1995.??.??"]
[Round "2"]
[White "Ukolov, Aleksandr"]
[Black "Bezgodov, Alexei"]
[Result "0-1"]
[WhiteElo "2375"]
[BlackElo "2455"]

1.d4 d5 2.c4 c6 3.Nf3 Nf6 4.Nbd2 Bf5 5.Qb3 Qc7 6.g3 e6 7.Bg2 h6 8.O-O Nbd7
9.Ne5 Bd6 10.f4 O-O 11.c5 Be7 12.h3 Nxe5 13.fxe5 Nd7 14.e4 Bg6 15.exd5 cxd5
16.Nf3 b6 17.cxb6 Qxb6 18.Qxb6 Nxb6 19.b3 a5 20.Be3 Rfc8 21.Rfc1 Ba3 22.Rxc8+ Rxc8
23.Ne1 a4 24.bxa4 Nxa4 25.Bf1 Bb2 26.Rd1 Nc3 27.Rd2 Bc1 28.Ba6 Ra8 29.Bd3 Bxd2
30.Bxd2 Bxd3 31.Bxc3 Rxa2 32.Nxd3 Ra3  0-1

[Event "Moscow op"]
[Site "Moscow"]
[Date "1995.??.??"]
[Round "6"]
[White "Gavrilov, Alexei"]
[Black "Belikov, Vladimir"]
[Result "1-0"]
[WhiteElo "2390"]
[BlackElo "2470"]

1.d4 d5 2.c4 c6 3.Nf3 Nf6 4.Qc2 e6 5.g3 dxc4 6.Qxc4 b5 7.Qc2 Bb7 8.Bg2 Nbd7
9.a4 b4 10.a5 c5 11.O-O Rc8 12.dxc5 Bxc5 13.Qa4 O-O 14.Nbd2 Qc7 15.Ne1 e5
16.Bxb7 Qxb7 17.Nb3 e4 18.Bg5 Be7 19.Rd1 Rfe8 20.Ng2 h6 21.Bxf6 Nxf6 22.Ne3 g6
23.Rc1 a6 24.Rfd1 Rxc1 25.Rxc1 Rc8 26.Qa1 Rd8 27.Qb1 Qd7 28.Qc2 Qa4 29.Qc4 h5
30.Ra1 Qd7 31.Qxa6 Qh3 32.Qb7 Bd6 33.Rd1 Kg7 34.Qb6 Bxg3 35.fxg3 Ng4 36.Nd5 Qxh2+
37.Kf1 Qh1+ 38.Qg1 Ne3+ 39.Nxe3 Qh3+ 40.Ke1 Rxd1+ 41.Kxd1  1-0

[Event "Moscow-ch op"]
[Site "Moscow"]
[Date "1995.??.??"]
[Round "9"]
[White "Donchenko, Anatoly G"]
[Black "Ivanov, Victor L"]
[Result "0-1"]
[WhiteElo "2405"]
[BlackElo "2450"]

1.d4 d5 2.Nf3 Nf6 3.c4 c6 4.Qc2 g6 5.cxd5 cxd5 6.Bf4 Nc6 7.e3 Bg7 8.Be2 O-O
9.Nc3 Bf5 10.Qb3 Na5 11.Qb4 a6 12.O-O Re8 13.Ne5 Bf8 14.Na4 Nd7 15.Rac1 Nxe5
16.Bxe5 Rc8 17.Rxc8 Bxc8 18.Qc3 Nc6 19.Bg3 Bg7 20.Qc5 e5 21.dxe5 Nxe5 22.Rd1 d4
23.Bf1 Nd7 24.Qc7 Qxc7 25.Bxc7 b5 26.Nb6 Nxb6 27.Bxb6 dxe3 28.Bxe3 Bxb2 29.Rd6 Kg7
30.h4 Re6 31.Rd8 Rc6 32.h5 gxh5 33.Bd3 Be6 34.Be4 Rc4 35.Bd5 Bxd5 36.Rxd5 Ra4
37.Rd2 Bc1 38.Rc2 Bxe3 39.fxe3 Kf6 40.Kf2 Rc4 41.Rd2 Ke6 42.Kf3 a5 43.Rd8 Ra4
44.Rd2 Ke5 45.Rb2 b4 46.Rd2 Ra3 47.g3 Rc3 48.Rh2 Ra3 49.Rxh5+ Kd6 50.Rh2 Kc5
51.Ke4 a4 52.g4 Kc4 53.Rc2+ Rc3 54.Rd2 b3 55.Rd4+ Kc5 56.axb3 axb3 57.Rd7 b2  0-1

[Event "Namses op"]
[Site "Namses"]
[Date "1995.??.??"]
[Round "?"]
[White "Madsen, Dag"]
[Black "Grotnes, Nils"]
[Result "1-0"]
[WhiteElo "2295"]
[BlackElo "2325"]

1.d4 d5 2.c4 c6 3.Nf3 Nf6 4.Qc2 g6 5.Bf4 Na6 6.e3 Bf5 7.Qb3 Qb6 8.Nbd2 Nb4
9.Rc1 Nc2+ 10.Kd1 Qxb3 11.Nxb3 Nb4 12.a3 dxc4 13.Bxc4 Nbd5 14.Be5 Rg8 15.Bxf6 Nxf6
16.Ne5 Rg7 17.Ke2 Rd8 18.Na5 Bc8 19.b4 Nd7 20.Nxd7 Kxd7 21.d5 Kc7 22.dxc6 b6
23.Nb3 e5 24.b5 f5 25.Rhd1 Rxd1 26.Rxd1 g5 27.Nd2 Rg6 28.Nb1 Rd6 29.a4 Rxd1
30.Kxd1 Kd6 31.Kc2 Kc5 32.Kb3 Be7 33.Nc3 Kd6 34.Bg8 h5 35.Kc4 h4 36.Nd5 Bd8
37.c7 Bxc7 38.Nxc7 Kxc7 39.Kd5 h3 40.g3 f4 41.Kxe5 fxg3 42.fxg3 Bg4 43.Bb3 Bf3
44.Bc2  1-0

[Event "Namses op"]
[Site "Namses"]
[Date "1995.??.??"]
[Round "?"]
[White "Scholseth, Tor Kristian"]
[Black "Royset, Paal"]
[Result "1-0"]
[WhiteElo "2280"]
[BlackElo "2220"]

1.d4 d5 2.Nf3 Nf6 3.c4 c6 4.Qc2 g6 5.cxd5 cxd5 6.Bf4 Nc6 7.Nc3 Bg7 8.e3 O-O
9.Bb5 Bf5 10.Qa4 Na5 11.b4 a6 12.Be2 Nc4 13.O-O b5 14.Qb3 Ne4 15.Rfc1 Nxc3
16.Qxc3 Bd7 17.Nd2 Re8 18.Nxc4 dxc4 19.Bf3 Ra7 20.a4 Qc8 21.axb5 Bxb5 22.Bd5 e6
23.Bxc4 Bxc4 24.Qxc4 Qxc4 25.Rxc4 Bf8 26.Rc6 Rb7 27.Rcxa6 Rxb4 28.Kf1 Rc4
29.Ra8 Rec8 30.Ke2 Bg7 31.Rxc8+ Rxc8 32.Kd3 Rd8 33.Ke4 Bf6 34.Bh6 Bg7 35.Bg5 Rc8
36.Kd3 h6 37.Bf4 Rd8 38.Ra5 Bf8 39.Rb5 Kg7 40.Be5+ Kg8 41.Rb8 Rxb8 42.Bxb8 Be7
43.Kc4 Kf8 44.Kb5 Ke8 45.Kc6 f5 46.f3 Bf6 47.Ba7 Bg5 48.e4 fxe4 49.fxe4 Be3
50.Bc5  1-0

[Event "New York op"]
[Site "New York"]
[Date "1995.??.??"]
[Round "3"]
[White "Frias, Victor J"]
[Black "Hodgson, Julian M"]
[Result "1/2-1/2"]
[WhiteElo "2495"]
[BlackElo "2615"]

1.d4 d5 2.Nf3 c6 3.c4 dxc4 4.e3 b5 5.a4 e6 6.b3 Bb4+ 7.Bd2 Bxd2+ 8.Qxd2 cxb3
9.axb5 Ne7 10.Qb4 O-O 11.Qxb3 Bb7 12.Nbd2 Nd7 13.bxc6 Bxc6 14.Ba6 e5 15.O-O exd4
16.Nxd4 Nc5 17.Qc3 Nxa6 18.Nxc6 Nxc6 19.Rxa6 Rc8  1/2-1/2

[Event "Nikolaev zt"]
[Site "Nikolaev"]
[Date "1995.??.??"]
[Round "8"]
[White "Guliev, Sarhan"]
[Black "Itkis, Boris"]
[Result "1/2-1/2"]
[WhiteElo "2470"]
[BlackElo "2410"]

1.d4 d5 2.c4 c6 3.Nf3 dxc4 4.e3 b5 5.a4 e6 6.b3 Bb4+ 7.Bd2 Bxd2+ 8.Nfxd2 cxb3
9.axb5 b2 10.Ra2 Ne7 11.Rxb2 O-O 12.Bd3 cxb5 13.Rxb5 Nd7 14.Rg5 Nf6 15.Nc3 Nf5
16.Qf3 Qc7 17.Nce4 Nxe4 18.Bxe4 Qc1+ 19.Qd1 Qxd1+ 20.Kxd1 Rb8 21.g4 f6 22.Rh5 g6
23.Rh3 Nd6 24.Bc2 e5 25.Rg3 exd4 26.exd4 Rb4 27.Nb3 Bb7 28.Re1 Bd5 29.Re7 Rf7
30.Rxf7 Kxf7 31.h3 Nb5 32.Ke1 Ke7 33.Bd1 Kd6 34.h4 h6 35.Re3 f5 36.gxf5 gxf5
37.Rg3 Bxb3 38.Bxb3 Nxd4 39.Rg6+ Ke5 40.Bd1 Rb6 41.Rg7 Ra6 42.h5 Ke4 43.Re7+ Kf4
44.Rd7 Nf3+ 45.Kf1 Ra2 46.Rh7 Ra6 47.Kg2 Ng5 48.Rc7 Ne4 49.Bc2 Nd6 50.Rh7 Ra2
51.Rxh6 Nc4 52.Bb1 Rb2 53.Bd3 Ne5 54.Rd6 Ng4 55.Rd4+ Kg5 56.Ra4 Rxf2+ 57.Kg1 Rd2
58.Bxf5 Kxf5 59.Rxa7 Kg5 60.Kf1 Kxh5 61.Ke1 Rb2 62.Rd7 Kg5 63.Rd2 Rb3 64.Ke2 Ne5
65.Rd5 Kf5 66.Rd4  1/2-1/2

[Event "JUG-chT"]
[Site "Nis"]
[Date "1995.??.??"]
[Round "?"]
[White "Tosic, Miroslav"]
[Black "Perunovic, Ljubivoje"]
[Result "1/2-1/2"]
[WhiteElo "2420"]
[BlackElo "2290"]

1.d4 d5 2.c4 c6 3.Nf3 Nf6 4.Qc2 g6 5.Bf4 Nbd7 6.e3 Bg7 7.Nc3 O-O 8.cxd5 Nxd5
9.Nxd5 cxd5 10.Be2 Nf6 11.O-O Bg4 12.Rfc1 Rc8 13.Bc7 Qe8 14.Qb3 Bxf3 15.Bxf3 Qd7
16.Bf4 Rxc1+ 17.Rxc1 Rc8 18.Rc3 e6 19.h3 Bf8 20.Be2 Ne4 21.Rxc8 Qxc8 22.f3 Nd6
23.Bd3 Qc6 24.Qc2 Qxc2 25.Bxc2 a6 26.Kf2 Be7 27.Ke2 Kf8 28.e4 dxe4 29.fxe4 Ke8
30.Kd3 Kd7 31.g4 g5 32.Bh2 Ne8 33.Ba4+ b5 34.Bb3 f6 35.a4 Bd6 36.Bg1 e5 37.axb5 axb5
38.Bf7 Nc7 39.dxe5 fxe5 40.Be3 h6 41.Ke2 Ne6 42.Bxe6+ Kxe6 43.h4 Be7 44.hxg5 hxg5
45.Kd3 Kd7 46.Bb6 Kc6 47.Ba5 Kd7 48.Kc3 Kc6 49.Kb3 Bc5 50.Bc3 Bd6 51.Ba5 Bc5
52.Bd8 Be3 53.Kc3 Kc5 54.Ba5 Kc6 55.Kd3 Bf4 56.Be1 Kc5 57.Kc3 Be3 58.Bg3 Bf4
59.Bf2+ Kc6 60.b3 Bc1  1/2-1/2

[Event "JUG-chT"]
[Site "Nis"]
[Date "1995.??.??"]
[Round "?"]
[White "Tosic, Miroslav"]
[Black "Savanovic, Aleksandar"]
[Result "1/2-1/2"]
[WhiteElo "2420"]
[BlackElo "2340"]

1.d4 d5 2.c4 c6 3.Nf3 Nf6 4.Qc2 e6 5.e3 Nbd7 6.Nc3 Bd6 7.a3 O-O 8.Be2 dxc4
9.Bxc4 e5 10.O-O Qe7 11.Ba2 e4 12.Ng5 Bxh2+ 13.Kxh2 Ng4+ 14.Kg1 Qxg5 15.Qxe4 Qh4
16.Qf4 g5 17.Qg3 Qxg3 18.fxg3 Kg7 19.Ne4 h6 20.Nd6 Ndf6 21.e4 Be6 22.e5 Nh5
23.Rf3 Bxa2 24.Rxa2 c5 25.dxc5 Nxe5 26.Rc3 Rab8 27.Be3 Nc6 28.b4 a6 29.Bc1 f5
30.Re2 f4 31.Bb2 Kh7 32.gxf4 Nxf4 33.Rd2 Rbd8 34.Re3 Rd7 35.Bc3 h5 36.Kh2 h4
37.g3 hxg3+ 38.Kxg3 Kg6 39.Nxb7 Rxd2 40.Bxd2 Nd4 41.Nd6 Rh8 42.Bc3 Rh3+ 43.Kf2 Nd3+
44.Rxd3 Rxd3 45.Bxd4 Rxd4 46.Ke3 Rxd6 47.cxd6 Kf6 48.Kd4  1/2-1/2

[Event "NLD-chT9596"]
[Site "?"]
[Date "1995.??.??"]
[Round "?"]
[White "Pliester, Leon"]
[Black "De Jager, Jaap"]
[Result "0-1"]
[WhiteElo "2385"]
[BlackElo "2215"]

1.d4 d5 2.c4 c6 3.Nf3 Nf6 4.Nbd2 Bf5 5.g3 h6 6.Bg2 e6 7.O-O Bd6 8.b3 O-O
9.Bb2 a5 10.a3 Nbd7 11.Ra2 Bh7 12.Qa1 Ne4 13.Nxe4 Bxe4 14.Ne1 Bxg2 15.Nxg2 f5
16.Bc1 Qe8 17.Qc3 g5 18.Qd3 Qg6 19.a4 Rf7 20.Ba3 Bc7 21.Rc2 Qh5 22.cxd5 exd5
23.Ne3 Qh3 24.Rfc1 Nb6 25.Nf1 Re8 26.Qf3 Re6 27.Rd1 f4 28.g4 Qxf3 29.exf3 Re8
30.Nd2 Rf6 31.Kf1 Rfe6 32.Rcc1 Bd8 33.Re1 Bf6 34.Rxe6 Rxe6 35.Bb2 Nd7 36.Bc3 b6
37.Nb1 Kf7 38.Re1 Nf8 39.Re2 Ke8 40.Ke1 Kd7 41.Kd2 Rxe2+ 42.Kxe2 Ne6 43.Kd3 c5
44.dxc5 Nxc5+ 45.Kc2 d4 46.Be1 d3+ 47.Kd2 Nxb3+ 48.Kxd3 Nc5+ 49.Kc4 Kc6 50.Nc3 Bxc3
51.Bxc3 Nxa4 52.Bg7 Nc5 53.Bf6 Ne6 54.h4 gxh4 55.Bxh4 b5+ 56.Kc3 Ng5  0-1

[Event "NLD-chT9596"]
[Site "?"]
[Date "1995.??.??"]
[Round "?"]
[White "Van de Mortel, Jan"]
[Black "Cuijpers, Frans Andre"]
[Result "1/2-1/2"]
[WhiteElo "2310"]
[BlackElo "2435"]

1.d4 d5 2.Nf3 Nf6 3.c4 c6 4.Qc2 g6 5.Bf4 Bg7 6.e3 O-O 7.Be2 Be6 8.Nbd2 Nbd7
9.O-O Rc8 10.c5 Nh5 11.Bg5 f6 12.Bh4 Bf5 13.Qa4 g5 14.Bg3 a6 15.Qb3 Nxg3
16.hxg3 Rc7 17.e4 Be6 18.g4 Bf7 19.exd5 cxd5 20.Bd3 e5 21.Bf5 Nb8 22.Qc2 Nc6
23.Nb3 h5 24.Nh2 Ne7 25.f3 Nxf5 26.gxf5 Re8 27.Rac1 Bf8 28.Qf2 Qd7 29.g4 h4
30.Rc3 Qa4 31.Rfc1 e4 32.f4 Bh6 33.fxg5 Bxg5 34.Re1 e3 35.Rcxe3 Rxe3 36.Rxe3 Qxa2
37.Nd2 Qxb2 38.Nhf3 Bxe3 39.Qxe3 Qc1+ 40.Kh2 Qd1 41.g5 Qc2 42.Qf4 Re7 43.gxf6 Re2+
44.Kh3 Qd3 45.Kxh4 Rg2 46.Qb8+ Kh7 47.Qxb7 Qxf5 48.Qxf7+ Kh6 49.Qf8+ Kh7
50.Qe7+ Kh6 51.Qe3+ Kh7 52.Ng5+ Kh6 53.Ne6+ Kh7 54.Ng5+ Kh6 55.Ne6+  1/2-1/2

[Event "JUG-ch"]
[Site "Novi Sad"]
[Date "1995.??.??"]
[Round "?"]
[White "Abramovic, Bosko"]
[Black "Kosic, Dragan"]
[Result "1/2-1/2"]
[WhiteElo "2520"]
[BlackElo "2500"]

1.d4 d5 2.Nf3 c6 3.c4 Nf6 4.Qc2 e6 5.g3 Nbd7 6.Bg2 Bd6 7.O-O O-O 8.Nbd2 Re8
9.b3 e5 10.dxe5 Nxe5 11.Bb2 Bg4 12.cxd5 cxd5 13.Bxe5 Bxe5 14.Nxe5 Rxe5 15.Nf3 Bf5
16.Qb2 Re8 17.Nd4 Bg6 18.Rac1 Qd7 19.Rfd1 Rac8 20.Rxc8 Rxc8 21.Rc1 h6 22.f3 Ne8
23.e3 Nd6 24.Kf2 Re8 25.Qd2 Qe7 26.Ne2 Bf5 27.Nf4 Be6 28.Re1 Rd8 29.Nxd5 Qf8
30.e4 Nf5 31.exf5 Rxd5 32.Qe3 Bxf5 33.g4 Be6 34.Qxa7 Qd6 35.h3 b6 36.Qa8+ Kh7
37.Qa6 Rd2+ 38.Re2 Qd4+ 39.Kf1 Qa1+ 40.Kf2 Qd4+ 41.Kf1 Rd1+ 42.Re1 Rd2 43.Re2 Rd1+
44.Re1  1/2-1/2

[Event "JUG-ch"]
[Site "Novi Sad"]
[Date "1995.??.??"]
[Round "?"]
[White "Drasko, Milan"]
[Black "Tosic, Miroslav"]
[Result "1/2-1/2"]
[WhiteElo "2510"]
[BlackElo "2420"]

1.d4 d5 2.c4 c6 3.Nf3 Nf6 4.Qc2 g6 5.Bf4 Bg7 6.e3 O-O 7.Nc3 Qa5 8.Be2 dxc4
9.Bxc4 b5 10.Bb3 c5 11.dxc5 Bf5 12.Qe2 Ne4 13.O-O Nxc3 14.bxc3 Na6 15.Nd4 Be4
16.f3 e5 17.fxe4 exf4 18.Bd5 Rae8 19.Nxb5 Nxc5 20.exf4 Na4 21.Bb3 Nc5 22.e5 Rb8
23.Bc4 Na4 24.Rac1 Rxb5 25.Bxb5 Nxc3 26.Rxc3 Qxc3 27.Rd1 Bh6 28.g3 Rb8 29.Bc4 Bf8
30.Bb3 Qc6 31.Qg2 Qc7 32.Qd5 Kg7 33.Kg2 h5 34.Qd7 Rb7 35.Qxc7 Rxc7 36.Kf3 Bc5
37.Rc1 Kf8 38.Ke4 Ke7 39.h3 Bb6 40.Rxc7+ Bxc7 41.g4 hxg4 42.hxg4 f6 43.e6  1/2-1/2